000
00297nam a22001217a 4500
008
230606b xxu||||| |||| 00| 0 eng d
082
_a
348.02
_b
YON
245
_a
Halsbury's Status of England
250
_a
Third
260
_a
London
_b
Butterworth & Co. ltd
_c
1969
300
_a
586 p
942
_2
ddc
_c
BK
999
_c
693
_d
693